Podiums au classement général de la coupe du monde de ski de fond - Statistiques

Statistiques générales
  • Ce quiz a été pris 22 fois
  • Le résultat moyen est 12 sur 55
Statistiques - réponses
Année Nom % Correct
24/25 🇳🇴 Johannes Høsflot Klæbo
93%
22/23 🇷🇺 Alexander Bolshunov
86%
20/21 🇨🇭 Dario Cologna
79%
19/20 🇳🇴 Petter Northug
71%
21/22 🇳🇴 Martin Johnsrud Sundby
64%
88/89 🇮🇹 Federico Pellegrino
57%
03/04 🇸🇪 Edvin Anger
50%
23/24 🇳🇴 Harald Østberg Amundsen
50%
87/88 🇫🇮 Iivo Niskanen
50%
00/01 🇷🇺 Sergey Ustiugov
50%
96/97 🇫🇷 Vincent Vittoz
50%
85/86 🇨🇦 Alex Harvey
43%
89/90 🇳🇴 Erik Valnes
43%
11/12 🇳🇴 Bjørn Dæhlie
36%
02/03 🇳🇴 Pål Golberg
36%
07/08 🇸🇪 Gunde Svan
21%
18/19 🇨🇿 Lukáš Bauer
21%
17/18 🇩🇪 Tobias Angerer
21%
04/05 🇺🇸 Bill Koch
14%
83/84 🇸🇪 Calle Halfvarsson
14%
98/99 🇨🇦 Devon Kershaw
14%
84/85 🇳🇴 Finn Hågen Krogh
14%
01/02 🇷🇺 Ivan Yakimushkin
14%
12/13 🇪🇸 Johann Mühlegg
14%
93/94 🇫🇮 Mika Myllylä
14%
🇮🇹 Pietro Piller Cottrer
14%
15/16 🇩🇪 René Sommerfeldt
14%
86/87 🇳🇴 Sjur Røthe
14%
09/10 🇰🇿 Vladimir Smirnov
14%
99/00 🇷🇺 Alexander Legkov
7%
16/17 🇩🇪 Axel Teichmann
7%
97/98 🇳🇴 Jens Arne Svartedal
7%
81/82 🇸🇪 Marcus Hellner
7%
14/15 🇸🇪 Mathias Fredriksson
7%
🇳🇴 Odd-Bjørn Hjelmeset
7%
🇳🇴 Ove Aunli
7%
13/14 🇸🇪 Per Elofsson
7%
10/11 🇳🇴 Thomas Alsgaard
7%
92/93 🇸🇪 Thomas Wassberg
7%
🇳🇴 Tor Arne Hetland
7%
06/07 🇸🇪 Torgny Mogren
7%
91/92 🇳🇴 Tor Håkon Holte
7%
05/06 Alexander Zavyalov
0%
🇳🇴 Anders Aukland
0%
82/83 🇸🇪 Daniel Richardsson
0%
🇳🇴 Eldar Rønning
0%
🇮🇹 Fulvio Valbusa
0%
🇫🇮 Harri Kirvesniemi
0%
95/96 🇫🇮 Jari Isometsä
0%
🇸🇪 Jörgen Brink
0%
94/95 🇦🇹 Mikhail Botwinov
0%
90/91 🇳🇴 Ola Vigen Hattestad
0%
🇳🇴 Pål Gunnar Mikkelsplass
0%
🇮🇹 Silvio Fauner
0%
08/09 🇳🇴 Vegard Ulvang
0%
Aucun quiz correspondant
Distribution des résultats
% des personnes avec chaque résultat
Percentile par nombre de réponses
Votre historique - résultats
Vous n’avez pas pris ce quiz